| 000 | 00000nam##2200000za#4500 |
| 001 | 9.698885 |
| 003 | CaOODSP |
| 005 | 20241203113638 |
| 007 | cr ||||||||||| |
| 008 | 150407|2008||||xxc|||||o f|0| 0 eng|d |
| 040 | |aCaOODSP|beng |
| 043 | |an-cn--- |
| 086 | 1 |aEn84-103/2008E-PDF |
| 110 | 1 |aCanada. |bEnvironment Canada. |
| 245 | 10|aSupplementary background and guidance for investigating acute lethality of wastewater effluent to rainbow trout / |h[electronic resource]|c[issued by the] Method Development and Applications Section, Environmental Science and Technology Centre. |
| 260 | |aOttawa - Ontario : |bEnvironment Canada |cMarch 2008. |
| 300 | |a26p.|bgraph, references, table |
| 590 | |a14-08-Supp|b2014-04-10 |
| 690 | 07|aEnvironmental impact|2gcpds |
| 690 | 07|aFish|2gcpds |
| 690 | 07|aWaste water|2gcpds |
| 775 | 08|tRenseignements de base et conseils supplémentaires pour l'étude de la létalité aiguë d'un effluent d'eau usée pour la truite arc-en-ciel / |w(CaOODSP)9.642944 |
| 856 | 40|ahttp://publications.gc.ca|qPDF|s184 KB|uhttps://publications.gc.ca/collections/collection_2014/ec/En84-103-2008-eng.pdf |